Extrem – Namensbestandtteile von Fußballvereinen (Männer) - Statistiken

Allgemein
  • Dieses Quiz wurde 1.485 mal gespielt
    234 seit der letzten Aktualisierung
  • Das Durchschnittsergebnis liegt bei 27 aus 64
Antwortstatistiken
Group Anzahl Am meisten in Name % Korrekt
Abkürzung 24 RL Nordost (7) FC
98%
Abkürzung 11 RL West (4) SC
88%
Abkürzung 17 RLN / RLSW (je 3) SV
88%
Abkürzung 5 Bundesliga (2) VfL
86%
Relikt 2 Bundesliga Borussia
84%
Abkürzung 1 Bundesliga RB
81%
Abkürzung 4 RL Nord (2) VfB
81%
Relikt 1 Bundesliga Bayer
77%
Abkürzung 11 BL / 2BL (je 3) 1. FC
76%
Relikt 4 BL / 2BL / RLN / RLSW Eintracht
76%
Relikt 2 2BL / RLNO Dynamo
68%
Relikt 1 Bundesliga Union
67%
Relikt 3 3L / RLNO / RLW Rot-Weiß
66%
Abkürzung 4 RL Nordost (2) FSV
62%
Relikt 2 2BL / RLW Fortuna
61%
Abkürzung 5 RL Bayern (4) SpVgg
61%
Relikt 2 2BL / RLNO Hertha
60%
Abkürzung 2 BL / RLSW TSG
59%
Abkürzung 9 3L / RLB (je 3) TSV
57%
Relikt 1 Bundesliga Werder
57%
Relikt 1 3. Liga Alemannia
53%
Relikt 2 BL / RLSW Bayern
53%
Relikt 1 3. Liga Hansa
53%
Relikt 4 RL Südwest (2) Kickers
53%
Relikt 1 2. Bundesliga Arminia
49%
Relikt 1 2. Bundesliga Holstein
49%
Abkürzung 3 3. Liga (2) SSV
47%
Relikt 1 3. Liga Energie
46%
Relikt 1 2. Bundesliga Preußen
46%
Relikt 3 3L / RLB / RLNO Viktoria
45%
Relikt 1 RL Nordost Lok
44%
Abkürzung 1 RL Nord TuS
43%
Abkürzung 1 3. Liga MSV
42%
Abkürzung 4 RL Südwest (2) SG
42%
Relikt 1 RL Nord Blau-Weiß
39%
Relikt 1 3. Liga Erzgebirge
36%
Abkürzung 1 2. Bundesliga BSC
33%
Abkürzung 1 Bundesliga BV
32%
Relikt 1 RL Nordost Chemie
32%
Abkürzung 1 RL Bayern FV
32%
Relikt 1 3. Liga Jahn
32%
Relikt 1 RL Nordost Carl Zeiss
29%
Abkürzung 1 Bundesliga 1. FSV
24%
Relikt 1 RL Südwest Hessen
24%
Relikt 2 RL West Sportfreunde
22%
Relikt 1 RL Bayern Wacker
22%
Abkürzung 2 RL Nordost BFC
18%
Relikt 1 RL Nord Weiche
18%
Abkürzung 1 RL Südwest KSV
17%
Abkürzung 1 RL Nordost ZFC
16%
Abkürzung 1 2. Bundesliga DSC
15%
Abkürzung 1 RL Nord BSV
12%
Relikt 1 RL Nord Phönix
12%
Relikt 1 RL Südwest Sonnenhof
11%
Abkürzung 1 RL Nordost BSG
10%
Abkürzung 1 RL Nordost VSG
10%
Abkürzung 1 RL Nord HSC
9%
Relikt 1 RL Südwest Astoria
8%
Relikt 1 RL Südwest Barockstadt
8%
Relikt 1 RL Bayern Schwaben
8%
Abkürzung 1 RL Bayern DJK
7%
Relikt 1 RL Südwest Schott
7%
Abkürzung 1 RL Südwest SGV
7%
Abkürzung 1 RL West SSVg
4%
Keine übereinstimmenden Quizze gefunden
Verteilung der Resultate
Anzahl Personen mit jedem Resultat
Perzentil nach korrekt beantworteten Fragen
Ihre Resultats-Entwicklung
Sie haben dieses Quiz seit der letzten Aktualisierung nicht gespielt